Zpráva o 7. společné schůzi Sněmovny lidu a Sněmovny národů 6. volební období. 23., 24., 25. a 30. října 1990. Část 4
Salvato in:
| Natura: | Libro |
|---|---|
| Lingua: | ceco |
| Pubblicazione: |
Praha
Federální shromáždění ČSFR
1990
|
| Tags: |
Nessun Tag, puoi essere il primo ad aggiungerne!!
|
MARC
| LEADER | 00000nam a2200000 4500 | ||
|---|---|---|---|
| 001 | c032635 | ||
| 005 | 20250606091745.9 | ||
| 041 | 0 | |a cze | |
| 044 | |a CZ | ||
| 245 | 1 | 0 | |a Zpráva o 7. společné schůzi Sněmovny lidu a Sněmovny národů |b 6. volební období. 23., 24., 25. a 30. října 1990. Část 4 |
| 264 | 1 | |a Praha |b Federální shromáždění ČSFR |c 1990 | |
| 300 | |a S.257-388 | ||